[Event "DEN-ch"]
[Site "Vejle"]
[Date "1982.??.??"]
[Round "11"]
[White "Berg, Klaus"]
[Black "Iskov, Gert"]
[Result "0-1"]
[WhiteElo "2295"]
[BlackElo "2380"]
[PlyCount "56"]
[EventDate "1982.??.??"]
[EventType "tourn"]
[EventRounds "11"]
[EventCountry "DEN"]
[EventCategory "5"]
[Source "ChessBase"]
[SourceDate "1999.07.01"]

1. c4 g6 2. d4 Bg7 3. e4 d6 4. Nf3 Bg4 5. Be2 Nc6 6. Nbd2 Nf6 7. d5 Nb8 8. Qc2
O-O 9. O-O c6 10. h3 Bd7 11. Rb1 a5 12. b3 Na6 13. a3 cxd5 14. exd5 Nc5 15. Nh4
Rc8 16. b4 Na4 17. Qb3 Nxd5 18. cxd5 Nc3 19. Bc4 b5 20. Bd3 a4 21. Qb2 Nxd5 22.
Qa2 Nf4 23. Bc2 Be6 24. Nb3 Ne2+ 25. Kh1 Nc3 26. Qa1 Nxb1 27. Qxb1 Rxc2 28.
Qxc2 axb3 0-1

[Event "DEN-ch"]
[Site "Vejle"]
[Date "1982.??.??"]
[Round "9"]
[White "Berg, Klaus"]
[Black "Hansen, Curt"]
[Result "1/2-1/2"]
[WhiteElo "2295"]
[BlackElo "2335"]
[PlyCount "52"]
[EventDate "1982.??.??"]
[EventType "tourn"]
[EventRounds "11"]
[EventCountry "DEN"]
[EventCategory "5"]
[Source "ChessBase"]
[SourceDate "1999.07.01"]

1. Nf3 Nf6 2. g3 d5 3. Bg2 c5 4. O-O Nc6 5. d4 e6 6. c4 dxc4 7. Qa4 Bd7 8. Qxc4
Rc8 9. dxc5 Na5 10. Qd3 Rxc5 11. b4 Rd5 12. Qc3 Nc6 13. a3 a5 14. bxa5 Rxa5 15.
Nbd2 Be7 16. Nc4 Rh5 17. g4 Rd5 18. Nfe5 O-O 19. Bxd5 exd5 20. Nxc6 bxc6 21.
Ne5 Nxg4 22. Nxg4 Bxg4 23. Qxc6 Bd6 24. Ra2 Qf6 25. Qxd5 Bxh2+ 26. Kxh2 Be6
1/2-1/2

[Event "DEN-ch"]
[Site "Vejle"]
[Date "1982.??.??"]
[Round "2"]
[White "Brinck Claussen, Bjorn"]
[Black "Iskov, Gert"]
[Result "1-0"]
[WhiteElo "2380"]
[BlackElo "2380"]
[PlyCount "75"]
[EventDate "1982.??.??"]
[EventType "tourn"]
[EventRounds "11"]
[EventCountry "DEN"]
[EventCategory "5"]
[Source "ChessBase"]
[SourceDate "1999.07.01"]

1. d4 Nf6 2. c4 c5 3. d5 g6 4. Nc3 d6 5. e4 Bg7 6. Bd3 O-O 7. Nf3 e6 8. O-O Na6
9. h3 Nc7 10. Rb1 exd5 11. exd5 Re8 12. Bg5 h6 13. Bh4 g5 14. Bg3 Nh5 15. Ne4
Nxg3 16. Nxg3 g4 17. hxg4 Bxg4 18. Bf5 Bxf3 19. Qxf3 Re5 20. Bc2 Ne8 21. Qd3
Qh4 22. Nf5 Rxf5 23. Qxf5 Nf6 24. g3 Qxc4 25. Rfe1 Qxd5 26. Qxd5 Nxd5 27. Be4
Nb4 28. Bxb7 Rb8 29. Re7 Bd4 30. a3 Kf8 31. Rc7 Nd3 32. Bd5 Ne5 33. Kg2 a5 34.
a4 f6 35. b3 Nd3 36. Rh1 Ke8 37. Rxh6 Kd8 38. Rg7 1-0

[Event "DEN-ch"]
[Site "Vejle"]
[Date "1982.??.??"]
[Round "11"]
[White "Brinck Claussen, Bjorn"]
[Black "Hansen, Curt"]
[Result "1/2-1/2"]
[WhiteElo "2380"]
[BlackElo "2335"]
[PlyCount "62"]
[EventDate "1982.??.??"]
[EventType "tourn"]
[EventRounds "11"]
[EventCountry "DEN"]
[EventCategory "5"]
[Source "ChessBase"]
[SourceDate "1999.07.01"]

1. d4 Nf6 2. c4 e6 3. Nf3 b6 4. g3 Ba6 5. Qa4 Bb7 6. Bg2 Be7 7. O-O O-O 8. Nc3
c5 9. Rd1 cxd4 10. Nxd4 Bxg2 11. Kxg2 Qc7 12. Ndb5 Qc6+ 13. f3 Rc8 14. Bf4 Ne8
15. Ne4 a6 16. Nbc3 Qxc4 17. Qxc4 Rxc4 18. Bxb8 Rxb8 19. Rxd7 Kf8 20. Rad1 f5
21. Nd2 Rb4 22. Nb3 Bf6 23. e4 Rc8 24. exf5 exf5 25. Nd5 Rb5 26. Rd2 a5 27. Rb7
Rd8 28. Nxf6 Rxd2+ 29. Nxd2 Rxb2 30. Nxh7+ Kg8 31. Ng5 Rxd2+ 1/2-1/2

[Event "DEN-ch"]
[Site "Vejle"]
[Date "1982.??.??"]
[Round "4"]
[White "Fries Nielsen, Jens Ove"]
[Black "Hoi, Carsten"]
[Result "1-0"]
[WhiteElo "2355"]
[BlackElo "2425"]
[PlyCount "131"]
[EventDate "1982.??.??"]
[EventType "tourn"]
[EventRounds "11"]
[EventCountry "DEN"]
[EventCategory "5"]
[Source "ChessBase"]
[SourceDate "1999.07.01"]

1. d4 Nf6 2. c4 g6 3. Nc3 Bg7 4. e4 O-O 5. Be2 c5 6. d5 d6 7. Bg5 e6 8. Qd2
exd5 9. exd5 a6 10. a4 Re8 11. Nf3 Bg4 12. O-O Nbd7 13. h3 Bxf3 14. Bxf3 Qe7
15. a5 Qf8 16. Bd1 Ne4 17. Nxe4 Rxe4 18. Qc2 Ree8 19. Qc1 b5 20. axb6 Nxb6 21.
Ra2 Re4 22. b3 Nd7 23. Ra5 Bd4 24. Qb1 Ree8 25. Qa2 Re5 26. Bd2 Nf6 27. Bf3 Ne4
28. Bxe4 Rxe4 29. Rxa6 Rb8 30. Qc2 Re2 31. Qd3 Rbe8 32. Bf4 Qe7 33. Be3 Qb7 34.
Qxe2 Qxa6 35. Qf3 Qa2 36. Bf4 Qa6 37. Qd3 Qb6 38. Rb1 Be5 39. Re1 f6 40. Bd2
Rb8 41. Rb1 Qa6 42. Kh1 Qa2 43. g3 Rb7 44. Kg2 Kg7 45. h4 h5 46. b4 cxb4 47.
Rxb4 Rxb4 48. Bxb4 Qb2 49. Bd2 Bd4 50. Qe2 Qb7 51. Qe8 Bc5 52. Qe6 Qb2 53. Qe7+
Kg8 54. Qe8+ Kg7 55. Bh6+ Kh7 56. Be3 Bxe3 57. Qxe3 Qb7 58. Qe6 Qc7 59. Qxf6
Qxc4 60. Qe7+ Kh6 61. Qxd6 Qe4+ 62. Kh2 Qe2 63. Qf8+ Kh7 64. d6 Qd2 65. Qf7+
Kh8 66. d7 1-0

[Event "DEN-ch"]
[Site "Vejle"]
[Date "1982.??.??"]
[Round "9"]
[White "Fries Nielsen, Jens Ove"]
[Black "Jakobsen, Ole"]
[Result "1/2-1/2"]
[WhiteElo "2355"]
[BlackElo "2410"]
[PlyCount "98"]
[EventDate "1982.??.??"]
[EventType "tourn"]
[EventRounds "11"]
[EventCountry "DEN"]
[EventCategory "5"]
[Source "ChessBase"]
[SourceDate "1999.07.01"]

1. d4 Nf6 2. c4 e6 3. Nc3 Bb4 4. a3 Bxc3+ 5. bxc3 c5 6. e3 b6 7. Ne2 Bb7 8. Ng3
h5 9. h4 Qc7 10. Qd3 Nc6 11. e4 d6 12. Bg5 O-O-O 13. Be2 Na5 14. Qc2 Ba6 15.
Qa2 Kb8 16. O-O Rc8 17. d5 Ng4 18. dxe6 fxe6 19. Nxh5 Rxh5 20. Bxg4 Rxg5 21.
hxg5 Bxc4 22. Qc2 Bxf1 23. Rxf1 Qe7 24. f4 Rf8 25. e5 dxe5 26. Qe4 exf4 27. Bf3
Kc7 28. Qe5+ Kc8 29. Rd1 b5 30. a4 Rd8 31. Rb1 Nc4 32. Qe4 Rd5 33. Bg4 Kc7 34.
Qxf4+ Nd6 35. axb5 Qxg5 36. Qa4 Qe3+ 37. Kh1 Nb7 38. Rf1 Qh6+ 39. Bh3 Rf5 40.
Re1 Rh5 41. Kg1 Qg5 42. Bxe6 Qd2 43. Qe4 Nd6 44. Qc6+ Kb8 45. Re2 Qc1+ 46. Kf2
Qf4+ 47. Qf3 Qxf3+ 48. Kxf3 c4 49. Rd2 Kc7 1/2-1/2

[Event "DEN-ch"]
[Site "Vejle"]
[Date "1982.??.??"]
[Round "2"]
[White "Fries Nielsen, Jens Ove"]
[Black "Sahl, Bjarke"]
[Result "1-0"]
[WhiteElo "2355"]
[BlackElo "2380"]
[PlyCount "75"]
[EventDate "1982.??.??"]
[EventType "tourn"]
[EventRounds "11"]
[EventCountry "DEN"]
[EventCategory "5"]
[Source "ChessBase"]
[SourceDate "1999.07.01"]

1. Nf3 c5 2. e4 g6 3. c3 Bg7 4. d4 cxd4 5. cxd4 Nf6 6. Bd3 O-O 7. Nc3 d6 8. h3
a6 9. O-O Nc6 10. Be3 Nd7 11. Rc1 Nb6 12. d5 Ne5 13. Nxe5 Bxe5 14. a4 Nd7 15.
b4 Bg7 16. a5 Ne5 17. Be2 f5 18. f4 Nd7 19. exf5 gxf5 20. Na4 Nf6 21. Bb6 Qe8
22. Bc7 Bd7 23. Nb6 Ra7 24. Nxd7 Nxd7 25. Bh5 Qa8 26. Re1 b5 27. axb6 Rb7 28.
Rxe7 Nxb6 29. Rxg7+ Kxg7 30. Bxb6 h6 31. Qd3 Kh7 32. Rc6 Qb8 33. Qxa6 Re7 34.
Qd3 Qa8 35. Bd4 Qd8 36. Kh2 Re4 37. Bc3 Qd7 38. b5 1-0

[Event "DEN-ch"]
[Site "Vejle"]
[Date "1982.??.??"]
[Round "5"]
[White "Fries Nielsen, Niels Jorgen"]
[Black "Kristiansen, Jens"]
[Result "0-1"]
[WhiteElo "2330"]
[BlackElo "2450"]
[PlyCount "74"]
[EventDate "1982.??.??"]
[EventType "tourn"]
[EventRounds "11"]
[EventCountry "DEN"]
[EventCategory "5"]
[Source "ChessBase"]
[SourceDate "1999.07.01"]

1. Nf3 Nf6 2. c4 b6 3. g3 Bb7 4. Bg2 g6 5. Nc3 Bg7 6. O-O c5 7. d3 O-O 8. e4
Nc6 9. h3 Ne8 10. Be3 Nd4 11. Qd2 f5 12. Bg5 Nxf3+ 13. Bxf3 Nd6 14. Nd5 Bxd5
15. exd5 Rf7 16. Rae1 Qf8 17. h4 h6 18. Bf4 Kh7 19. Re2 Bf6 20. Rfe1 Qg7 21.
Bg2 g5 22. hxg5 hxg5 23. Bxd6 exd6 24. g4 fxg4 25. Be4+ Kg8 26. Kg2 Bd4 27. Rh1
Rf4 28. Qe1 Qf6 29. Bh7+ Kf7 30. Rh2 Re8 31. Be4 Rh8 32. Rxh8 Qxh8 33. Qh1 Qh4
34. Qxh4 gxh4 35. b3 h3+ 36. Kg3 Be5 37. Kh4 g3+ 0-1

[Event "DEN-ch"]
[Site "Vejle"]
[Date "1982.??.??"]
[Round "11"]
[White "Fries Nielsen, Niels Jorgen"]
[Black "Ost Hansen, Jacob"]
[Result "1/2-1/2"]
[WhiteElo "2330"]
[BlackElo "2410"]
[PlyCount "44"]
[EventDate "1982.??.??"]
[EventType "tourn"]
[EventRounds "11"]
[EventCountry "DEN"]
[EventCategory "5"]
[Source "ChessBase"]
[SourceDate "1999.07.01"]

1. d4 Nf6 2. Bg5 d6 3. Bxf6 exf6 4. e3 g6 5. c4 Bg7 6. Nc3 O-O 7. g3 Re8 8. Bg2
Nc6 9. Nge2 Bg4 10. h3 Bxe2 11. Nxe2 f5 12. O-O Qd7 13. Rb1 a5 14. b3 Ra7 15.
Nc3 Rea8 16. a3 Nd8 17. Qc2 c6 18. Rfd1 Qe7 19. Re1 Qf6 20. Rbd1 Ne6 21. Na4
Nc7 22. Kh2 Ra6 1/2-1/2

[Event "DEN-ch"]
[Site "Vejle"]
[Date "1982.??.??"]
[Round "9"]
[White "Fries Nielsen, Niels Jorgen"]
[Black "Iskov, Gert"]
[Result "1/2-1/2"]
[WhiteElo "2330"]
[BlackElo "2380"]
[PlyCount "78"]
[EventDate "1982.??.??"]
[EventType "tourn"]
[EventRounds "11"]
[EventCountry "DEN"]
[EventCategory "5"]
[Source "ChessBase"]
[SourceDate "1999.07.01"]

1. e4 c5 2. g3 d5 3. exd5 Qxd5 4. Nf3 Bg4 5. Bg2 Qe6+ 6. Kf1 Nc6 7. h3 Bh5 8.
d3 Qd7 9. Na3 f6 10. Be3 e6 11. Ne5 Bxd1 12. Nxd7 Kxd7 13. Rxd1 Bd6 14. d4 cxd4
15. Bxd4 Nxd4 16. Rxd4 Ke7 17. Nc4 Bc5 18. Rd3 Rb8 19. Ke2 f5 20. Rhd1 Nf6 21.
Ne5 Bb6 22. b3 Rhc8 23. c4 Bc7 24. Nd7 Nxd7 25. Rxd7+ Kf6 26. g4 h6 27. Bf3
fxg4 28. hxg4 a5 29. g5+ hxg5 30. Rh1 b6 31. Rh7 Bf4 32. Rhxg7 b5 33. Kd3 Ke5
34. Bb7 bxc4+ 35. bxc4 Rc5 36. a4 Rh8 37. Rh7 Rxh7 38. Rxh7 Kd6 39. f3 Rc7
1/2-1/2

[Event "DEN-ch"]
[Site "Vejle"]
[Date "1982.??.??"]
[Round "10"]
[White "Hansen, Curt"]
[Black "Fries Nielsen, Jens Ove"]
[Result "0-1"]
[WhiteElo "2335"]
[BlackElo "2355"]
[PlyCount "56"]
[EventDate "1982.??.??"]
[EventType "tourn"]
[EventRounds "11"]
[EventCountry "DEN"]
[EventCategory "5"]
[Source "ChessBase"]
[SourceDate "1999.07.01"]

1. e4 e5 2. Nf3 d6 3. d4 exd4 4. Nxd4 g6 5. Nc3 Bg7 6. Be3 Nf6 7. f3 O-O 8. Qd2
d5 9. O-O-O dxe4 10. fxe4 Re8 11. Bc4 Nbd7 12. Nf3 Qe7 13. Rhe1 Nb6 14. Bb3 Be6
15. Nd5 Bxd5 16. exd5 Ne4 17. Qa5 Qd6 18. Kb1 Rad8 19. Qxa7 Ra8 20. Qxb7 Bxb2
21. Bxb6 Qa3 22. c4 cxb6 23. Kc2 Bg7 24. Nd4 Nc5 25. Rxe8+ Rxe8 26. Qxb6 Re2+
27. Rd2 Rxd2+ 28. Kxd2 Bxd4 0-1

[Event "DEN-ch"]
[Site "Vejle"]
[Date "1982.??.??"]
[Round "1"]
[White "Hansen, Curt"]
[Black "Kristiansen, Jens"]
[Result "1/2-1/2"]
[WhiteElo "2335"]
[BlackElo "2450"]
[PlyCount "123"]
[EventDate "1982.??.??"]
[EventType "tourn"]
[EventRounds "11"]
[EventCountry "DEN"]
[EventCategory "5"]
[Source "ChessBase"]
[SourceDate "1999.07.01"]

1. e4 d5 2. exd5 Nf6 3. d4 Nxd5 4. c4 Nb6 5. Nc3 e5 6. Nf3 Bg4 7. Be3 Bb4 8.
Be2 exd4 9. Qxd4 Qxd4 10. Bxd4 O-O 11. a3 Bxc3+ 12. Bxc3 Nc6 13. O-O-O Rfe8 14.
Rhe1 h6 15. b3 a5 16. h3 Be6 17. Bd4 Nd7 18. Kb2 Bf5 19. Be3 Re7 20. Nd4 Nxd4
21. Rxd4 Ne5 22. Red1 Nc6 23. R4d2 Rae8 24. Bf3 Be4 25. Bxe4 Rxe4 26. Kc3 Ne7
27. Rd8 Nf5 28. Rxe8+ Rxe8 29. Bf4 c6 30. g4 Ne7 31. Rd7 b5 32. Bd6 Ng6 33. Ra7
bxc4 34. bxc4 Re2 35. Bg3 Ne5 36. Rxa5 Nf3 37. a4 Ng5 38. Re5 Ra2 39. Kb3 Ra1
40. Re8+ Kh7 41. Be5 Re1 42. a5 Ne6 43. Rxe6 fxe6 44. f4 Re3+ 45. Kb4 Rxh3 46.
a6 Rh2 47. a7 Ra2 48. Bd4 Ra6 49. Kc5 g6 50. Kd6 c5+ 51. Kxc5 Rxa7 52. Kb5 Rd7
53. Be5 h5 54. gxh5 gxh5 55. c5 h4 56. c6 Rf7 57. c7 Rf8 58. Bd4 Kg6 59. Kc6
Kf5 60. Kd7 h3 61. Bg1 Kg4 62. Kxe6 1/2-1/2

[Event "DEN-ch"]
[Site "Vejle"]
[Date "1982.??.??"]
[Round "6"]
[White "Hansen, Curt"]
[Black "Sahl, Bjarke"]
[Result "1-0"]
[WhiteElo "2335"]
[BlackElo "2380"]
[PlyCount "129"]
[EventDate "1982.??.??"]
[EventType "tourn"]
[EventRounds "11"]
[EventCountry "DEN"]
[EventCategory "5"]
[Source "ChessBase"]
[SourceDate "1999.07.01"]

1. d4 Nf6 2. Nf3 c5 3. d5 e6 4. c4 exd5 5. cxd5 d6 6. Nc3 g6 7. e4 Bg7 8. Be2
O-O 9. O-O Bg4 10. Bf4 a6 11. a4 Re8 12. Nd2 Bxe2 13. Qxe2 Nh5 14. Be3 Nd7 15.
a5 Qh4 16. Nc4 Nf4 17. Qf3 Ne5 18. Nxe5 Bxe5 19. g3 Qh5 20. Qxh5 Nxh5 21. Na4
Bg7 22. Nb6 Rad8 23. f3 f5 24. Bg5 Bf6 25. Bxf6 Nxf6 26. exf5 gxf5 27. Kf2 Re5
28. Rfd1 h5 29. Rd3 Rde8 30. Rd2 f4 31. Rad1 fxg3+ 32. hxg3 Rf8 33. Kg2 Rg5 34.
Kh3 Rf7 35. Rd3 Rfg7 36. Rg1 Re5 37. Nc4 Re2 38. Rg2 Re1 39. Ne3 Ng4 40. fxg4
hxg4+ 41. Nxg4 Rh7+ 42. Nh6+ Rxh6+ 43. Kg4 Rf6 44. Kg5 Kg7 45. g4 Re5+ 46. Kh4
Rf4 47. Rb3 Kg6 48. Rxb7 Rxd5 49. Re2 Rh5+ 50. Kg3 Re5 51. Kxf4 Rxe2 52. Rb6
Rd2 53. Rxa6 Rd4+ 54. Kf3 Rd3+ 55. Ke2 c4 56. Rc6 Rd5 57. a6 Rb5 58. Rxd6+ Kg5
59. Kd2 Rxb2+ 60. Kc3 Ra2 61. Kxc4 Kxg4 62. Kb3 Ra1 63. Rd4+ Kf5 64. Ra4 Rb1+
65. Kc4 1-0

[Event "DEN-ch"]
[Site "Vejle"]
[Date "1982.??.??"]
[Round "3"]
[White "Hansen, Curt"]
[Black "Ost Hansen, Jacob"]
[Result "1/2-1/2"]
[WhiteElo "2335"]
[BlackElo "2410"]
[PlyCount "28"]
[EventDate "1982.??.??"]
[EventType "tourn"]
[EventRounds "11"]
[EventCountry "DEN"]
[EventCategory "5"]
[Source "ChessBase"]
[SourceDate "1999.07.01"]

1. e4 c5 2. Nf3 a6 3. c3 d5 4. exd5 Qxd5 5. d4 e6 6. Bd3 Nf6 7. O-O Be7 8. c4
Qd6 9. dxc5 Qxc5 10. Nc3 O-O 11. Bg5 Nbd7 12. Qe2 Re8 13. Rad1 Nf8 14. Ne5 N6d7
1/2-1/2

[Event "DEN-ch"]
[Site "Vejle"]
[Date "1982.??.??"]
[Round "4"]
[White "Hansen, Curt"]
[Black "Norgaard, Jesper"]
[Result "1-0"]
[WhiteElo "2335"]
[BlackElo "2255"]
[PlyCount "91"]
[EventDate "1982.??.??"]
[EventType "tourn"]
[EventRounds "11"]
[EventCountry "DEN"]
[EventCategory "5"]
[Source "ChessBase"]
[SourceDate "1999.07.01"]

1. e4 c5 2. Nf3 Nc6 3. Bb5 Qb6 4. Nc3 e6 5. O-O Nd4 6. Bc4 Ne7 7. Nxd4 cxd4 8.
Ne2 Nc6 9. c3 Be7 10. cxd4 Nxd4 11. Nxd4 Qxd4 12. d3 O-O 13. Qb3 Rd8 14. Be3
Qe5 15. Rfe1 Bf6 16. f4 Qxb2 17. e5 Qxb3 18. axb3 Be7 19. Bb6 d5 20. Bxd8 Bxd8
21. Bb5 Bb6+ 22. Kf1 Bd4 23. Rac1 a6 24. Rc7 axb5 25. Rec1 Bd7 26. Rxd7 b4 27.
Rcc7 Rf8 28. Rxb7 Bc3 29. Ke2 g6 30. Ke3 h5 31. d4 Be1 32. g3 Kg7 33. Re7 Kg8
34. Rbc7 Bc3 35. h3 Be1 36. Rb7 Bc3 37. Kd3 Be1 38. g4 hxg4 39. hxg4 Bh4 40.
Red7 Be1 41. f5 gxf5 42. gxf5 exf5 43. e6 fxe6 44. Rg7+ Kh8 45. Rh7+ Kg8 46.
Rbg7# 1-0

[Event "DEN-ch"]
[Site "Vejle"]
[Date "1982.??.??"]
[Round "8"]
[White "Hansen, Curt"]
[Black "Hoi, Carsten"]
[Result "0-1"]
[WhiteElo "2335"]
[BlackElo "2425"]
[PlyCount "112"]
[EventDate "1982.??.??"]
[EventType "tourn"]
[EventRounds "11"]
[EventCountry "DEN"]
[EventCategory "5"]
[Source "ChessBase"]
[SourceDate "1999.07.01"]

1. e4 d6 2. d4 Nf6 3. Nc3 g6 4. g3 Bg7 5. Bg2 O-O 6. Nge2 e5 7. O-O Nc6 8. dxe5
dxe5 9. Bg5 Be6 10. Nd5 Bxd5 11. exd5 Ne7 12. c4 h6 13. Bd2 Nf5 14. Qb3 Rb8 15.
Rad1 Re8 16. Rfe1 Bf8 17. Qc2 b6 18. b3 Kh7 19. Bh3 Nd6 20. Nc3 Nd7 21. a3 f5
22. Bg2 Bg7 23. Na2 a5 24. b4 axb4 25. axb4 e4 26. f4 Ra8 27. Bf1 Qf6 28. Nc1
Ra3 29. Re3 Rea8 30. Nb3 Ra2 31. Qc1 Qb2 32. c5 bxc5 33. bxc5 Nc8 34. Bc4 Qxc1
35. Bxc1 Rc2 36. c6 Ndb6 37. Bf1 Nd6 38. Ree1 Rc3 39. Nd2 Ra2 40. Nb1 Rcc2 41.
Be3 Nbc4 42. Bc5 Nb2 43. Bxd6 Nxd1 44. Be5 Nf2 45. Nc3 Rxc3 46. Bxc3 Bxc3 47.
Re2 Rxe2 48. Bxe2 e3 49. d6 Ne4 50. dxc7 Nd6 51. Kg2 Ba5 52. Kf3 Bxc7 53. Kxe3
Bb6+ 54. Kf3 Kg7 55. Bd1 Kf6 56. Bb3 Nc8 0-1

[Event "DEN-ch"]
[Site "Vejle"]
[Date "1982.??.??"]
[Round "7"]
[White "Hoi, Carsten"]
[Black "Jakobsen, Ole"]
[Result "0-1"]
[WhiteElo "2425"]
[BlackElo "2410"]
[PlyCount "106"]
[EventDate "1982.??.??"]
[EventType "tourn"]
[EventRounds "11"]
[EventCountry "DEN"]
[EventCategory "5"]
[Source "ChessBase"]
[SourceDate "1999.07.01"]

1. d4 Nf6 2. c4 e6 3. Nc3 Bb4 4. e3 O-O 5. Bd3 d5 6. a3 Bxc3+ 7. bxc3 dxc4 8.
Bxc4 c5 9. Ne2 Qc7 10. Bd3 e5 11. O-O Nc6 12. Bb2 Rd8 13. Rc1 Be6 14. e4 cxd4
15. cxd4 Qb6 16. Rb1 Ba2 17. d5 Bxb1 18. Qxb1 Nd4 19. Nxd4 exd4 20. Qa1 Qb3 21.
Bb1 Re8 22. Bxd4 Nxe4 23. Bxg7 Qxd5 24. h4 Qh5 25. Rc1 Rad8 26. Bxe4 Rxe4 27.
Bf6 Rde8 28. Qb1 Qg6 29. Bg5 h6 30. Be3 b6 31. Qb5 Rd8 32. h5 Qe6 33. Qe2 Red4
34. Qf3 R4d5 35. Rc7 R8d7 36. Rc8+ Kh7 37. g4 Rd8 38. Rc7 R5d7 39. Rc6 Rd6 40.
Rc7 R8d7 41. Rc8 Rd1+ 42. Kg2 Qd5 43. Qxd5 R1xd5 44. Kf3 f6 45. a4 Ra5 46. Rc4
f5 47. g5 hxg5 48. Bxg5 f4 49. Bxf4 Rxh5 50. Ke4 Rc5 51. Rb4 Rd1 52. Bb8 Ra5
53. Rc4 Ra1 0-1

[Event "DEN-ch"]
[Site "Vejle"]
[Date "1982.??.??"]
[Round "9"]
[White "Hoi, Carsten"]
[Black "Norgaard, Jesper"]
[Result "1-0"]
[WhiteElo "2425"]
[BlackElo "2255"]
[PlyCount "67"]
[EventDate "1982.??.??"]
[EventType "tourn"]
[EventRounds "11"]
[EventCountry "DEN"]
[EventCategory "5"]
[Source "ChessBase"]
[SourceDate "1999.07.01"]

1. d4 Nf6 2. c4 e6 3. Nc3 Bb4 4. e3 O-O 5. Bd3 d5 6. Nf3 c5 7. O-O Nc6 8. a3
Bxc3 9. bxc3 dxc4 10. Bxc4 Qc7 11. Bb5 Bd7 12. a4 a6 13. Be2 b6 14. Ba3 Na5 15.
Ne5 Rfd8 16. Bf3 Ra7 17. dxc5 bxc5 18. Nxd7 Nxd7 19. Qe2 Ne5 20. Rad1 Nxf3+ 21.
Qxf3 Raa8 22. Qe4 Nb3 23. c4 Qa5 24. Bb2 Qc7 25. h3 Rac8 26. Be5 Qe7 27. Bc3
Qc7 28. Qg4 f5 29. Qg5 Rd7 30. Rxd7 Qxd7 31. Rb1 Nd2 32. Bxd2 Qxd2 33. Qe7 Rf8
34. Qxe6+ 1-0

[Event "DEN-ch"]
[Site "Vejle"]
[Date "1982.??.??"]
[Round "11"]
[White "Hoi, Carsten"]
[Black "Sahl, Bjarke"]
[Result "1-0"]
[WhiteElo "2425"]
[BlackElo "2380"]
[PlyCount "57"]
[EventDate "1982.??.??"]
[EventType "tourn"]
[EventRounds "11"]
[EventCountry "DEN"]
[EventCategory "5"]
[Source "ChessBase"]
[SourceDate "1999.07.01"]

1. d4 c5 2. d5 e5 3. e4 d6 4. Nc3 Ne7 5. Nf3 Nd7 6. Nd2 f5 7. Nc4 Nf6 8. Bd3 f4
9. g3 g5 10. h4 fxg3 11. hxg5 gxf2+ 12. Kf1 Bg4 13. Be2 Bxe2+ 14. Qxe2 Nfg8 15.
Qg4 Qd7 16. Qxd7+ Kxd7 17. Kxf2 Ng6 18. Bd2 Be7 19. Rh5 Rf8+ 20. Ke2 Rf4 21.
Rf1 h6 22. Bxf4 Nxf4+ 23. Rxf4 exf4 24. e5 Bxg5 25. Ne4 Be7 26. exd6 Nf6 27.
Nxc5+ Kc8 28. dxe7 Nxh5 29. Nd6+ 1-0

[Event "DEN-ch"]
[Site "Vejle"]
[Date "1982.??.??"]
[Round "10"]
[White "Iskov, Gert"]
[Black "Hoi, Carsten"]
[Result "1/2-1/2"]
[WhiteElo "2380"]
[BlackElo "2425"]
[PlyCount "42"]
[EventDate "1982.??.??"]
[EventType "tourn"]
[EventRounds "11"]
[EventCountry "DEN"]
[EventCategory "5"]
[Source "ChessBase"]
[SourceDate "1999.07.01"]

1. e4 d6 2. d4 Nf6 3. Nc3 g6 4. f4 Bg7 5. Nf3 O-O 6. Bd3 Nbd7 7. Qe2 c5 8. d5
e6 9. dxe6 fxe6 10. O-O Kh8 11. Ng5 Qe7 12. Bd2 e5 13. Nd5 Nxd5 14. exd5 Nf6
15. f5 c4 16. Bxc4 Bxf5 17. Bb3 Rac8 18. Ne6 Bg4 19. Qe1 Bxe6 20. dxe6 Nh5 21.
Qe4 Nf4 1/2-1/2

[Event "DEN-ch"]
[Site "Vejle"]
[Date "1982.??.??"]
[Round "5"]
[White "Iskov, Gert"]
[Black "Hansen, Curt"]
[Result "0-1"]
[WhiteElo "2380"]
[BlackElo "2335"]
[PlyCount "132"]
[EventDate "1982.??.??"]
[EventType "tourn"]
[EventRounds "11"]
[EventCountry "DEN"]
[EventCategory "5"]
[Source "ChessBase"]
[SourceDate "1999.07.01"]

1. c4 Nf6 2. Nc3 c5 3. g3 e6 4. Nf3 d5 5. cxd5 Nxd5 6. Bg2 Nc6 7. O-O Be7 8. d4
O-O 9. Nxd5 exd5 10. dxc5 Bxc5 11. a3 Bf5 12. b4 Bb6 13. Bb2 Be4 14. Nd4 Rc8
15. e3 Ne5 16. Ne6 fxe6 17. Bxe5 Qg5 18. Bd4 Bxd4 19. Qxd4 Bxg2 20. Kxg2 Qf5
21. Ra2 b6 22. Kg1 Rc4 23. Qd1 Rfc8 24. Rd2 Rc3 25. Rd4 h6 26. Qa4 R8c7 27.
Qe8+ Kh7 28. Rf4 Qg6 29. Rf8 Qxe8 30. Rxe8 Rxa3 31. Rxe6 Rb3 32. Rd1 Rxb4 33.
Rxd5 a5 34. Rdd6 Rb7 35. Re8 Ra7 36. f4 Rb2 37. f5 Rc7 38. Rd1 a4 39. Ra8 b5
40. e4 Rcc2 41. e5 Rg2+ 42. Kh1 Rxh2+ 43. Kg1 Rbg2+ 44. Kf1 Rf2+ 45. Kg1 Rhg2+
46. Kh1 Rxg3 47. f6 Rf5 48. Kh2 Rg6 49. Rd3 Rh5+ 50. Rh3 Rxh3+ 51. Kxh3 gxf6
52. e6 Rg7 53. Rb8 Re7 54. Rb6 Kg6 55. Kg4 a3 56. Rxb5 Rxe6 57. Ra5 Re3 58. Kf4
Rb3 59. Kg4 Rc3 60. Ra8 h5+ 61. Kf4 h4 62. Rg8+ Kf7 63. Rg2 h3 64. Re2 Rb3 65.
Rh2 Rb4+ 66. Kg3 Rb2 0-1

[Event "DEN-ch"]
[Site "Vejle"]
[Date "1982.??.??"]
[Round "1"]
[White "Iskov, Gert"]
[Black "Fries Nielsen, Jens Ove"]
[Result "1-0"]
[WhiteElo "2380"]
[BlackElo "2355"]
[PlyCount "79"]
[EventDate "1982.??.??"]
[EventType "tourn"]
[EventRounds "11"]
[EventCountry "DEN"]
[EventCategory "5"]
[Source "ChessBase"]
[SourceDate "1999.07.01"]

1. e4 c5 2. Nf3 e6 3. d4 cxd4 4. Nxd4 Nf6 5. Nc3 Nc6 6. Nxc6 bxc6 7. e5 Nd5 8.
Ne4 Qc7 9. f4 Qb6 10. c4 Bb4+ 11. Ke2 f5 12. Nf2 Ne7 13. Nd3 d5 14. a3 Bc5 15.
Nxc5 Qxc5 16. Be3 Qa5 17. b4 Qd8 18. Kf2 g5 19. Qh5+ Ng6 20. Qxg5 Qxg5 21. fxg5
Nxe5 22. Bd4 Ng4+ 23. Kg1 e5 24. Re1 Kd7 25. h3 Nh2 26. Bxe5 Nxf1 27. Bxh8 Ng3
28. c5 a5 29. Bf6 Ne4 30. Kh2 Ke6 31. Bd4 Ba6 32. h4 f4 33. bxa5 Bc4 34. Rb1
Rxa5 35. Rb7 Rxa3 36. Rxh7 Kf5 37. Rf7+ Kg4 38. Be5 Kxh4 39. g6 Rg3 40. Rxf4+
1-0

[Event "DEN-ch"]
[Site "Vejle"]
[Date "1982.??.??"]
[Round "3"]
[White "Iskov, Gert"]
[Black "Kristiansen, Jens"]
[Result "1/2-1/2"]
[WhiteElo "2380"]
[BlackElo "2450"]
[PlyCount "39"]
[EventDate "1982.??.??"]
[EventType "tourn"]
[EventRounds "11"]
[EventCountry "DEN"]
[EventCategory "5"]
[Source "ChessBase"]
[SourceDate "1999.07.01"]

1. c4 Nf6 2. g3 e5 3. Bg2 c6 4. d4 exd4 5. Qxd4 d5 6. Nf3 Be7 7. cxd5 cxd5 8.
O-O Nc6 9. Qa4 O-O 10. Be3 Bd7 11. Nc3 Na5 12. Qc2 Nc4 13. Bd4 Rc8 14. Rfd1 h6
15. Rac1 Be6 16. Nd2 Nd6 17. Qd3 Bf5 18. Qf3 Be6 19. Qd3 Bf5 20. Qf3 1/2-1/2